Statistics for Countries with a Satisfactory Situation (RSF 2017)

Click here to take the quiz!

General Stats

  • This quiz has been taken 2 times
  • The average score is 18 of 33

Answer Stats

Answer % Correct
Slovenia
100%
Lithuania
100%
Czech Republic
100%
France
100%
Latvia
100%
Slovakia
100%
Spain
100%
Romania
100%
Portugal
100%
Australia
100%
United States
100%
United Kingdom
100%
Canada
100%
Liechtenstein
100%
South Africa
50%
Uruguay
50%
Taiwan
50%
OECS
50%
Malta
50%
Andorra
50%
Chile
50%
Trinidad and Tobago
0%
Tonga
0%
Burkina Faso
0%
Botswana
0%
Belize
0%
Cape Verde
0%
Suriname
0%
Ghana
0%
Cyprus
0%
Comoros
0%
Namibia
0%
Samoa
0%

Score Distribution

Percentile by Number Answered

Percent of People with Each Score

Your Score History

You have not taken this quiz